La revolución empresarial Chilena

Guardat en:
Dades bibliogràfiques
Autor principal: Montero Casassus, Cecilia (autora)
Format: Llibre
Idioma:espanyol
Publicat: Santiago Dolmen 1997
Matèries:
Etiquetes: Afegir etiqueta
Sense etiquetes, Sigues el primer a etiquetar aquest registre!

MARC

LEADER 00000nam a2200000 a 4500
001 UCT8253
003 CL-VaPUC
005 20240619110727.0
008 970326e19970000CL |||||||||||||||||spa|d
999 |c 256770  |d 256768 
040 |c Pontificia Universidad Católica de Valparaíso 
082 0 4 |a 338.04  |b MON  |2 21 
100 |a Montero Casassus, Cecilia  |e autora  |9 379860 
245 1 3 |a La revolución empresarial Chilena 
260 |a Santiago  |b Dolmen  |c 1997 
300 |a 367 p 
583 |a last modification  |c 19970326 00:00:00  |k Rodrigo Vera 
650 0 |a Empresarios  |2 CL-VaPUC  |9 873920  |z Chile 
650 0 |a Desarrollo industrial  |2 CL-VaPUC  |9 889611  |z Chile 
650 0 |a Empresas  |9 889612  |x Historia  |z Chile 
650 0 |a Desarrollo económico  |9 889613  |x Recursos naturales  |z Chile 
942 |c BK  |2 ddc 
945 |d 19970326 00:00:00  |a nastorga 
952 |0 0  |1 0  |4 0  |6 338_040000000000000_MON_1997  |7 0  |8 R  |9 279732  |a BIBENE  |b BIBENE  |d 2019-11-19  |i 3292258  |o 338.04 MON 1997  |p 3292258  |r 2025-01-15  |w 2019-11-19  |y BK_R  |k ICO 
952 |0 0  |1 0  |4 0  |6 338_040000000000000_MON_1997  |7 0  |8 A  |9 279733  |a BIBHIS  |b BIBEDU  |d 2019-11-19  |i 3418138  |l 2  |o 338.04 MON 1997  |p 3418138  |r 2025-01-20  |s 2022-04-18  |w 2019-11-19  |y BK  |k HIS